Facultad de Odontología.  Biblioteca.  Nodo central                      



header.jpg

Democracias en busca del Estado (Registro nro. 4672)

Detalles MARC
000 -LEADER
campo de control de longitud fija 00743nam a22002417a 4500
003 - IDENTIFICADOR DE NÚMERO DE CONTROL
campo de control OSt
005 - FECHA Y HORA DE LA ÚLTIMA TRANSACCIÓN
campo de control 20250317173821.0
008 - DATOS DE LONGITUD FIJA--INFORMACIÓN GENERAL
campo de control de longitud fija 250317b |||||||| |||| 00| 0 sp d
020 ## - NÚMERO INTERNACIONAL ESTÁNDAR DEL LIBRO
Número Internacional Estándar del Libro 9789508085221
040 ## - FUENTE DE CATALOGACIÓN
Centro catalogador/agencia de origen cunsuroc
Lengua de catalogación esp
Centro/agencia transcriptor anacap
082 ## - NÚMERO DE LA CLASIFICACIÓN DECIMAL DEWEY
Número de edición 1a. ed.
Número de clasificación 320.1 L11
Número de ítem 1
100 ## - ENTRADA PRINCIPAL--NOMBRE DE PERSONA
Nombre de persona Iazzetta, Osvaldo
9 (RLIN) 11692
245 ## - MENCIÓN DEL TÍTULO
Título Democracias en busca del Estado
Resto del título Ensayos sobre América Latina.
Mención de responsabilidad, etc. Iazzetta, Osvaldo
Medio Físico
250 ## - MENCION DE EDICION
Mención de edición 1a. ed.
260 ## - PUBLICACIÓN, DISTRIBUCIÓN, ETC.
Lugar de publicación, distribución, etc. Argentina:
Nombre del editor, distribuidor, etc. Ediciones HomoSapiens,
Fecha de publicación, distribución, etc. 2007
300 ## - DESCRIPCIÓN FÍSICA
Extensión 190p. ;
Dimensiones 23cm.
365 ## - PRECIO COMERCIAL
Cantidad 1
Unidad de precio 121.34
Código ISO del país ar
490 ## - MENCIÓN DE SERIE
Mención de serie Colección Politeia
650 ## - PUNTO DE ACCESO ADICIONAL DE MATERIA--TÉRMINO DE MATERIA
Fuente del encabezamiento o término Ciencias Políticas
650 ## - PUNTO DE ACCESO ADICIONAL DE MATERIA--TÉRMINO DE MATERIA
Fuente del encabezamiento o término Estado
650 ## - PUNTO DE ACCESO ADICIONAL DE MATERIA--TÉRMINO DE MATERIA
Fuente del encabezamiento o término Ciudadania
942 ## - ELEMENTOS DE ENTRADA SECUNDARIOS (KOHA)
Fuente del sistema de clasificación o colocación Clasificación Decimal Dewey
Tipo de ítem Koha Libros
Edición 1a. ed.
Parte de la signatura que corresponde a la clasificación (Parte de la clasificación) 320.1 I11
Suprimir en OPAC No

No hay ítems disponibles.